Amintiri de lectură

Recenzia na publikáciu Nádherný život postáv.

Enregistré dans:
Détails bibliographiques
Auteur principal: Spiridon, Vasile, 1958-
Format: Chapitre de livre
Langue:roumain
Sujets:
Tags: Ajouter un tag
Pas de tags, Soyez le premier à ajouter un tag!

MARC

LEADER 00000nla a2200000 4500
001 0277018
005 20240502083839.9
041 0 |a rum 
044 |a RO 
245 1 0 |a Amintiri de lectură  |c Vasile Spiridon 
520 |a Recenzia na publikáciu Nádherný život postáv. 
610 2 0 |a recenzie 
610 2 0 |a literatúra 
100 1 |a Spiridon, Vasile, 1958-